America, New Mexico /

Bibliographic Details
Main Author: Reid, Robert Leonard
Format: Book
Language:English
Published: Tucson : University of Arizona Press, [1998]
Subjects:

MARC

Tag First Indicator Second Indicator Subfields
LEADER 00000cam a2200000 a 4500
001 in00001406728
005 20151020072903.0
008 970717s1998 azua b s000 0 eng
010 |a  97021238  
020 |a 0816518513 (alk. paper) 
020 |a 0816518769 (pbk. : alk. paper) 
035 |a (OCoLC)37341219 
035 |9 AHQ3683AM 
040 |a DLC  |c DLC  |d TXA  |d UtOrBLW 
043 |a n-us-nm 
049 |a TXAM 
050 0 0 |a F801.2  |b .R45 1998 
082 0 0 |a 917.904/53  |2 21 
100 1 |a Reid, Robert Leonard. 
245 1 0 |a America, New Mexico /  |c Robert Leonard Reid. 
264 1 |a Tucson :  |b University of Arizona Press,  |c [1998] 
264 4 |c ©1998 
300 |a xvi, 244 pages :  |b illustrations ;  |c 23 cm. 
336 |a text  |b txt  |2 rdacontent 
337 |a unmediated  |b n  |2 rdamedia 
338 |a volume  |b nc  |2 rdacarrier 
504 |a Includes bibliographical references (pages [239]-244). 
505 0 |a Tumble weeds -- Journeys through space and time -- A shelter in the sky -- Death a distant plain -- The voice of the flower -- River of wings -- Desert genesis -- Adrift in the Permian Sea -- Rebuilding the clouds -- Into the secret mountains. 
651 0 |a New Mexico  |x Description and travel. 
948 |a c:dm 
999 |a MARS 
999 f f |s 9b292004-9310-3ed7-b36b-012f2aa6a1e4  |i ae0dc507-6e8c-3ff7-81d4-1ff144fb3359  |t 0 
952 f f |p ric  |a Texas A&M University  |b Rellis Campus  |c Joint Library Facility  |d Remote Storage  |t 0  |e F801.2 .R45 1998  |h Library of Congress classification  |i unmediated -- volume  |m A14823326406 
998 f f |a F801.2 .R45 1998  |t 0  |l Remote Storage